Theory & practice of book-keeping and accountancy (Record no. 5885)
[ view plain ]
| 000 -LEADER | |
|---|---|
| fixed length control field | 00619cam a2200217ua 4500 |
| 008 - FIXED-LENGTH DATA ELEMENTS--GENERAL INFORMATION | |
| fixed length control field | 140220n ii |||gr||||Z||||||eng |
| 040 ## - CATALOGING SOURCE | |
| Transcribing agency | MAIN |
| 082 ## - DEWEY DECIMAL CLASSIFICATION NUMBER | |
| Classification number | 657.2 |
| 245 ## - TITLE STATEMENT | |
| Title | Theory & practice of book-keeping and accountancy |
| Statement of responsibility, etc. | By K.R. Das |
| 250 ## - EDITION STATEMENT | |
| Edition statement | 1st ed./ rep. |
| 260 ## - PUBLICATION, DISTRIBUTION, ETC. | |
| Place of publication, distribution, etc. | Guwahati: |
| Name of publisher, distributor, etc. | Lawyers book stall, |
| Date of publication, distribution, etc. | 1996. |
| 700 ## - ADDED ENTRY--PERSONAL NAME | |
| Personal name | Das,K.R., |
| Relator term | |
| 700 ## - ADDED ENTRY--PERSONAL NAME | |
| Personal name | Sinha,K.M., |
| Relator term | |
| 700 ## - ADDED ENTRY--PERSONAL NAME | |
| Personal name | Choudhury,K.S. Pal, |
| Relator term | |
| 700 ## - ADDED ENTRY--PERSONAL NAME | |
| Personal name | Yadav,H.N., |
| Relator term | |
| 942 ## - ADDED ENTRY ELEMENTS (KOHA) | |
| Koha item type | Books |
| 653 ## - INDEX TERM--UNCONTROLLED | |
| Uncontrolled term | Accounting |
| 653 ## - INDEX TERM--UNCONTROLLED | |
| Uncontrolled term | Theory & practice of book-keeping and accountancy |
| 653 ## - INDEX TERM--UNCONTROLLED | |
| Uncontrolled term | Commerce |
| Withdrawn status | Lost status | Damaged status | Not for loan | Home library | Current library | Shelving location | Date acquired | Total Checkouts | Full call number | Barcode | Date last seen | Copy number | Price effective from | Koha item type |
|---|---|---|---|---|---|---|---|---|---|---|---|---|---|---|
| Central Library, Naharkatiya College | Central Library, Naharkatiya College | General Stacks | 19/09/2020 | 657 | DAS | 13190 | 19/09/2020 | 1 | 19/09/2020 | Books |
